[Event "Sao Paulo Schutt Cup 10th"]
[Site "Sao Paulo"]
[Date "2016.10.29"]
[Round "4"]
[White "Da Rocha, Luiz C Cosenza Vie"]
[Black "Da Rosa, Henrique Jaze Simoe"]
[Result "1/2-1/2"]
[WhiteElo "1418"]
[BlackElo "1639"]
[PlyCount "32"]
[EventDate "2016.10.28"]
[EventType "swiss"]
[EventRounds "6"]
[EventCountry "BRA"]
[SourceTitle "CBM 175 Extra"]
[Source "ChessBase"]
[SourceDate "2016.12.12"]
[SourceVersion "1"]
[SourceVersionDate "2016.12.12"]
[SourceQuality "1"]

1. d4 d5 2. c4 c6 3. Nc3 Nf6 4. Nf3 e6 5. Bg5 Be7 6. e3 0-0 7. Bd3 c5 8. Qc2 Nbd7 9. 0-0 g6 10. cxd5 cxd4 11. Nxd4 exd5 12. Qb3 Nc5 13. Qc2 Nxd3 14. Qxd3 Re8 15. Rfd1 Ne4 16. Bxe7 Rxe7 1/2-1/2

[Event "Sao Paulo Schutt Cup 10th"]
[Site "Sao Paulo"]
[Date "2016.10.28"]
[Round "1"]
[White "Christofoletti, Tulio"]
[Black "Da Rocha, Luiz C Cosenza Vie"]
[Result "0-1"]
[WhiteElo "1825"]
[BlackElo "1418"]
[PlyCount "58"]
[EventDate "2016.10.28"]
[EventType "swiss"]
[EventRounds "6"]
[EventCountry "BRA"]
[SourceTitle "CBM 175 Extra"]
[Source "ChessBase"]
[SourceDate "2016.12.12"]
[SourceVersion "1"]
[SourceVersionDate "2016.12.12"]
[SourceQuality "1"]

1. e4 c6 2. d4 d5 3. Nc3 dxe4 4. Nxe4 Bf5 5. Ng3 Bg6 6. Nf3 Nd7 7. h4 h6 8. h5 Bh7 9. Bd3 Bxd3 10. Qxd3 e6 11. Bf4 Qa5+ 12. Bd2 Qc7 13. 0-0-0 Ngf6 14. Rhe1 0-0-0 15. c4 Kb8 16. Qe2 Ka8 17. Ne5 Nxe5 18. Bf4 Nd3+ 19. Rxd3 Qxf4+ 20. Kb1 Rxd4 21. Rxd4 Qxd4 22. Rd1 Qb6 23. Nf5 exf5 24. Qd3 Bc5 25. Qxf5 Bxf2 26. g4 Bd4 27. b3 c5 28. g5 hxg5 29. Qxg5 Ne4 0-1

[Event "Sao Paulo Karman Cup 9th"]
[Site "Sao Paulo"]
[Date "2016.08.06"]
[Round "4"]
[White "Tumenas, Douglas"]
[Black "Da Rocha, Luiz C Cosenza Vie"]
[Result "1-0"]
[WhiteElo "1725"]
[BlackElo "1418"]
[PlyCount "63"]
[EventDate "2016.08.05"]
[EventType "swiss"]
[EventRounds "6"]
[EventCountry "BRA"]
[SourceTitle "CBM 174 Extra"]
[Source "ChessBase"]
[SourceDate "2016.10.10"]
[SourceVersion "1"]
[SourceVersionDate "2016.10.10"]
[SourceQuality "1"]

1. d4 Nf6 2. Nf3 e6 3. Bg5 d5 4. e3 Be7 5. Nbd2 0-0 6. Bd3 Nbd7 7. Qe2 c6 8. 0-0 c5 9. c3 Qb6 10. Rab1 Re8 11. Rfe1 Qc7 12. c4 b6 13. Rec1 Bb7 14. dxc5 Qxc5 15. b4 Qc6 16. c5 Ne4 17. Bxe7 Nxd2 18. Nxd2 Rxe7 19. b5 Qc7 20. c6 Bc8 21. cxd7 Qxd7 22. Rc2 Bb7 23. Rbc1 Rc8 24. a4 e5 25. e4 Rxc2 26. Rxc2 dxe4 27. Bxe4 Bc8 28. Qc4 Bb7 29. Bxb7 Kf8 30. Qc8+ Qxc8 31. Rxc8+ Re8 32. Rxe8+ 1-0

[Event "Sao Paulo ECP B"]
[Site "Sao Paulo"]
[Date "2016.04.02"]
[Round "3.2"]
[White "Dutra, Liliam Guedes"]
[Black "Da Rocha, Luiz C Cosenza Vie"]
[Result "1-0"]
[WhiteElo "1587"]
[BlackElo "1474"]
[PlyCount "75"]
[EventDate "2016.03.12"]
[EventType "tourn"]
[EventRounds "11"]
[EventCountry "BRA"]
[SourceTitle "EXT 2022"]
[Source "ChessBase"]
[SourceDate "2021.10.06"]
[SourceVersion "1"]
[SourceVersionDate "2021.10.06"]
[SourceQuality "1"]

1. d4 Nf6 2. c4 e6 3. Nf3 Bb4+ 4. Nc3 0-0 5. Bg5 h6 6. Bh4 d6 7. Qc2 Nbd7 8. e4 g5 9. Nxg5 hxg5 10. Bxg5 Qe8 11. Be2 Bxc3+ 12. Qxc3 Nxe4 13. Qe3 f5 14. f3 Nxg5 15. Qxg5+ Kf7 16. f4 Nf6 17. Bh5+ Nxh5 18. Qxh5+ Ke7 19. Qxe8+ Rxe8 20. Kf2 b6 21. Rhe1 Kf7 22. Re3 Bd7 23. Rd1 Rh8 24. h3 Rag8 25. b3 Bc6 26. d5 exd5 27. cxd5 Bb7 28. a4 a5 29. Rc3 Rc8 30. Re3 Rhe8 31. Red3 Re4 32. g3 Rce8 33. Rc3 R8e7 34. Kf3 Re1 35. Rxe1 Bxd5+ 36. Kf2 Rxe1 37. Kxe1 c5 38. h4 1-0

[Event "Sao Paulo Hebraica op 23rd"]
[Site "Sao Paulo"]
[Date "2016.01.10"]
[Round "5"]
[White "Cacador, Joao Pedro Eulogio"]
[Black "Da Rocha, Luiz C Cosenza Vie"]
[Result "1-0"]
[WhiteElo "1509"]
[BlackElo "1800"]
[PlyCount "109"]
[EventDate "2016.01.08"]
[EventType "swiss"]
[EventRounds "6"]
[EventCountry "BRA"]
[SourceTitle "CBM 170 Extra"]
[Source "ChessBase"]
[SourceDate "2016.02.25"]
[SourceVersion "1"]
[SourceVersionDate "2016.02.25"]
[SourceQuality "1"]

1. d4 Nf6 2. c4 e6 3. Nf3 Bb4+ 4. Bd2 Bxd2+ 5. Nbxd2 b6 6. e3 0-0 7. Be2 Re8 8. 0-0 Bb7 9. Rc1 d6 10. Qc2 c5 11. dxc5 dxc5 12. Rfd1 Qc7 13. Ne1 Na6 14. a3 Nb8 15. Bf3 Nc6 16. Ne4 Nxe4 17. Bxe4 h6 18. Rd2 Rad8 19. Rcd1 Rxd2 20. Rxd2 f5 21. Bf3 Rf8 22. Qd1 Rf7 23. Bxc6 Bxc6 24. Rd8+ Kh7 25. Qd6 Qxd6 26. Rxd6 Bd7 27. Nd3 Re7 28. Ne5 Ba4 29. Kf1 b5 30. cxb5 Bxb5+ 31. Ke1 g6 32. Kd2 Kg7 33. Nd3 Bxd3 34. Kxd3 Kf6 35. Rc6 Rd7+ 36. Kc2 Ke5 37. Rxc5+ Kd6 38. Rc3 Rc7 39. Rxc7 Kxc7 40. Kc3 e5 41. Kc4 Kc6 42. b4 a6 43. a4 g5 44. b5+ axb5+ 45. axb5+ Kb6 46. Kd5 e4 47. Ke5 f4 48. exf4 gxf4 49. Kxe4 Kxb5 50. Kxf4 Kc4 51. Kg4 Kd4 52. f4 Kd5 53. Kf5 h5 54. Kg6 h4 55. f5 1-0

[Event "Sao Paulo Hebraica op 23rd"]
[Site "Sao Paulo"]
[Date "2016.01.08"]
[Round "1"]
[White "Nikolic, Jovane"]
[Black "Da Rocha, Luiz C Cosenza Vie"]
[Result "1-0"]
[WhiteElo "1823"]
[BlackElo "1800"]
[PlyCount "121"]
[EventDate "2016.01.08"]
[EventType "swiss"]
[EventRounds "6"]
[EventCountry "BRA"]
[SourceTitle "CBM 170 Extra"]
[Source "ChessBase"]
[SourceDate "2016.02.25"]
[SourceVersion "1"]
[SourceVersionDate "2016.02.25"]
[SourceQuality "1"]

1. e4 c6 2. d4 d5 3. Nd2 dxe4 4. Nxe4 Bf5 5. Ng3 Bg6 6. h4 h6 7. h5 Bh7 8. c3 e6 9. Bd3 Bxd3 10. Qxd3 Be7 11. Bf4 Nd7 12. Nf3 Ngf6 13. Ne4 Nxe4 14. Qxe4 Nf6 15. Qd3 Nd5 16. Bg3 Qb6 17. 0-0-0 Nf6 18. Ne5 Qa5 19. Kb1 Qd5 20. f3 c5 21. Qb5+ Kf8 22. dxc5 Qxc5 23. Qxb7 Qc8 24. Nd7+ Ke8 25. Nxf6+ Bxf6 26. Qb5+ Kf8 27. Rd7 a6 28. Qb7 Qxb7 29. Rxb7 Rd8 30. Kc2 Kg8 31. Rd1 Kh7 32. Rxd8 Rxd8 33. Rxf7 Rd5 34. c4 Rg5 35. Bd6 Rxg2+ 36. Kd3 Rxb2 37. c5 Bg5 38. f4 Bd8 39. c6 Rb6 40. Rd7 Rxc6 41. Rxd8 Rb6 42. Be5 Rb1 43. Kc2 Rb7 44. Ra8 Rf7 45. Rxa6 g6 46. hxg6+ Kxg6 47. Rxe6+ Kh7 48. Re8 Kg6 49. a4 Rb7 50. a5 h5 51. Bd4 h4 52. a6 h3 53. a7 h2 54. Re1 Rc7+ 55. Kd3 Rc8 56. Rh1 Kf5 57. Be5 Ra8 58. Bb8 Ke6 59. Rxh2 Kd7 60. Re2 Kc6 61. f5 1-0